<?xml version="1.0" encoding="UTF-8"?>
<marc:record xmlns:marc="http://www.loc.gov/MARC21/slim" type="Bibliographic">
   <marc:leader>00000pam a2200000 c 4500</marc:leader>
   <marc:controlfield tag="001">955013259</marc:controlfield>
   <marc:controlfield tag="003">DE-101</marc:controlfield>
   <marc:controlfield tag="005">20171203054626.0</marc:controlfield>
   <marc:controlfield tag="007">tu</marc:controlfield>
   <marc:controlfield tag="008">981109s1999    gw ||||| |||| 00||||ger  </marc:controlfield>
   <marc:datafield ind1=" " ind2=" " tag="015">
      <marc:subfield code="a">99,A12,1339</marc:subfield>
      <marc:subfield code="z">98,N50,0218</marc:subfield>
      <marc:subfield code="2">dnb</marc:subfield>
   </marc:datafield>
   <marc:datafield ind1="7" ind2=" " tag="016">
      <marc:subfield code="2">DE-101</marc:subfield>
      <marc:subfield code="a">955013259</marc:subfield>
   </marc:datafield>
   <marc:datafield ind1=" " ind2=" " tag="020">
      <marc:subfield code="a">9783879204229</marc:subfield>
      <marc:subfield code="c">kart. : DM 56.00, sfr 51.00, S 409.00</marc:subfield>
      <marc:subfield code="9">978-3-87920-422-9</marc:subfield>
   </marc:datafield>
   <marc:datafield ind1=" " ind2=" " tag="020">
      <marc:subfield code="a">3879204225</marc:subfield>
      <marc:subfield code="c">kart. : DM 56.00, sfr 51.00, S 409.00</marc:subfield>
      <marc:subfield code="9">3-87920-422-5</marc:subfield>
   </marc:datafield>
   <marc:datafield ind1=" " ind2=" " tag="035">
      <marc:subfield code="a">(DE-599)DNB955013259</marc:subfield>
   </marc:datafield>
   <marc:datafield ind1=" " ind2=" " tag="035">
      <marc:subfield code="a">(OCoLC)231833881</marc:subfield>
   </marc:datafield>
   <marc:datafield ind1=" " ind2=" " tag="040">
      <marc:subfield code="a">1240</marc:subfield>
      <marc:subfield code="b">ger</marc:subfield>
      <marc:subfield code="c">DE-101</marc:subfield>
      <marc:subfield code="d">9999</marc:subfield>
   </marc:datafield>
   <marc:datafield ind1=" " ind2=" " tag="041">
      <marc:subfield code="a">ger</marc:subfield>
   </marc:datafield>
   <marc:datafield ind1=" " ind2=" " tag="043">
      <marc:subfield code="c">XX</marc:subfield>
      <marc:subfield code="c">XB-IL</marc:subfield>
      <marc:subfield code="c">XB-IL</marc:subfield>
      <marc:subfield code="c">XB-JO</marc:subfield>
   </marc:datafield>
   <marc:datafield ind1=" " ind2=" " tag="044">
      <marc:subfield code="c">XA-DE</marc:subfield>
   </marc:datafield>
   <marc:datafield ind1=" " ind2=" " tag="084">
      <marc:subfield code="a">63</marc:subfield>
      <marc:subfield code="a">58</marc:subfield>
      <marc:subfield code="a">22</marc:subfield>
      <marc:subfield code="a">900</marc:subfield>
      <marc:subfield code="a">920</marc:subfield>
      <marc:subfield code="a">930</marc:subfield>
      <marc:subfield code="a">940</marc:subfield>
      <marc:subfield code="a">943</marc:subfield>
      <marc:subfield code="a">950</marc:subfield>
      <marc:subfield code="a">960</marc:subfield>
      <marc:subfield code="a">970</marc:subfield>
      <marc:subfield code="a">980</marc:subfield>
      <marc:subfield code="a">990</marc:subfield>
      <marc:subfield code="q">DE-101</marc:subfield>
      <marc:subfield code="2">sdnb</marc:subfield>
   </marc:datafield>
   <marc:datafield ind1=" " ind2=" " tag="084">
      <marc:subfield code="a">8.3</marc:subfield>
      <marc:subfield code="a">16.4d</marc:subfield>
      <marc:subfield code="a">12.3</marc:subfield>
      <marc:subfield code="q">DE-101</marc:subfield>
      <marc:subfield code="2">sswd</marc:subfield>
   </marc:datafield>
   <marc:datafield ind1=" " ind2=" " tag="090">
      <marc:subfield code="a">b</marc:subfield>
   </marc:datafield>
   <marc:datafield ind1="1" ind2=" " tag="100">
      <marc:subfield code="0">(DE-588)115787224</marc:subfield>
      <marc:subfield code="0">http://d-nb.info/gnd/115787224</marc:subfield>
      <marc:subfield code="0">(DE-101)115787224</marc:subfield>
      <marc:subfield code="a">Neifeind, Harald</marc:subfield>
      <marc:subfield code="d">1940-</marc:subfield>
      <marc:subfield code="e">Verfasser</marc:subfield>
      <marc:subfield code="4">aut</marc:subfield>
   </marc:datafield>
   <marc:datafield ind1="1" ind2="0" tag="245">
      <marc:subfield code="a">&#x98;Der&#x9c; Nahostkonflikt - historisch, politisch, literarisch</marc:subfield>
      <marc:subfield code="c">Harald Neifeind</marc:subfield>
   </marc:datafield>
   <marc:datafield ind1=" " ind2="1" tag="264">
      <marc:subfield code="a">Schwalbach/Ts.</marc:subfield>
      <marc:subfield code="b">Wochenschau-Verl.</marc:subfield>
      <marc:subfield code="c">1999</marc:subfield>
   </marc:datafield>
   <marc:datafield ind1=" " ind2=" " tag="300">
      <marc:subfield code="a">282 S.</marc:subfield>
      <marc:subfield code="b">Ill., Kt.</marc:subfield>
      <marc:subfield code="c">21 cm</marc:subfield>
   </marc:datafield>
   <marc:datafield ind1=" " ind2=" " tag="336">
      <marc:subfield code="a">Text</marc:subfield>
      <marc:subfield code="b">txt</marc:subfield>
      <marc:subfield code="2">rdacontent</marc:subfield>
   </marc:datafield>
   <marc:datafield ind1=" " ind2=" " tag="337">
      <marc:subfield code="a">ohne Hilfsmittel zu benutzen</marc:subfield>
      <marc:subfield code="b">n</marc:subfield>
      <marc:subfield code="2">rdamedia</marc:subfield>
   </marc:datafield>
   <marc:datafield ind1=" " ind2=" " tag="338">
      <marc:subfield code="a">Band</marc:subfield>
      <marc:subfield code="b">nc</marc:subfield>
      <marc:subfield code="2">rdacarrier</marc:subfield>
   </marc:datafield>
   <marc:datafield ind1="1" ind2=" " tag="490">
      <marc:subfield code="a">Schriftenreihe des Deutsch-Israelischen Arbeitskreises für Frieden im Nahen Osten</marc:subfield>
      <marc:subfield code="v">Bd. 34</marc:subfield>
   </marc:datafield>
   <marc:datafield ind1=" " ind2=" " tag="500">
      <marc:subfield code="a">Literaturverz. S. 265 - 282</marc:subfield>
   </marc:datafield>
   <marc:datafield ind1=" " ind2="7" tag="648">
      <marc:subfield code="a">Geschichte</marc:subfield>
      <marc:subfield code="2">gnd</marc:subfield>
   </marc:datafield>
   <marc:datafield ind1=" " ind2="7" tag="650">
      <marc:subfield code="0">(DE-588)4041158-8</marc:subfield>
      <marc:subfield code="0">http://d-nb.info/gnd/4041158-8</marc:subfield>
      <marc:subfield code="0">(DE-101)040411583</marc:subfield>
      <marc:subfield code="a">Nahostkonflikt</marc:subfield>
      <marc:subfield code="2">gnd</marc:subfield>
   </marc:datafield>
   <marc:datafield ind1=" " ind2="7" tag="650">
      <marc:subfield code="0">(DE-588)4047497-5</marc:subfield>
      <marc:subfield code="0">http://d-nb.info/gnd/4047497-5</marc:subfield>
      <marc:subfield code="0">(DE-101)040474976</marc:subfield>
      <marc:subfield code="a">Prosa</marc:subfield>
      <marc:subfield code="2">gnd</marc:subfield>
   </marc:datafield>
   <marc:datafield ind1=" " ind2="7" tag="650">
      <marc:subfield code="0">(DE-588)4531044-0</marc:subfield>
      <marc:subfield code="0">http://d-nb.info/gnd/4531044-0</marc:subfield>
      <marc:subfield code="0">(DE-101)955801184</marc:subfield>
      <marc:subfield code="a">Nahostkonflikt</marc:subfield>
      <marc:subfield code="g">Motiv</marc:subfield>
      <marc:subfield code="2">gnd</marc:subfield>
   </marc:datafield>
   <marc:datafield ind1=" " ind2="7" tag="650">
      <marc:subfield code="0">(DE-588)4044383-8</marc:subfield>
      <marc:subfield code="0">http://d-nb.info/gnd/4044383-8</marc:subfield>
      <marc:subfield code="0">(DE-101)040443833</marc:subfield>
      <marc:subfield code="a">Palästinenser</marc:subfield>
      <marc:subfield code="2">gnd</marc:subfield>
   </marc:datafield>
   <marc:datafield ind1=" " ind2="7" tag="651">
      <marc:subfield code="0">(DE-588)4027808-6</marc:subfield>
      <marc:subfield code="0">http://d-nb.info/gnd/4027808-6</marc:subfield>
      <marc:subfield code="0">(DE-101)040278085</marc:subfield>
      <marc:subfield code="a">Israel</marc:subfield>
      <marc:subfield code="2">gnd</marc:subfield>
   </marc:datafield>
   <marc:datafield ind1="0" ind2="0" tag="689">
      <marc:subfield code="0">(DE-588)4041158-8</marc:subfield>
      <marc:subfield code="0">http://d-nb.info/gnd/4041158-8</marc:subfield>
      <marc:subfield code="0">(DE-101)040411583</marc:subfield>
      <marc:subfield code="D">s</marc:subfield>
      <marc:subfield code="a">Nahostkonflikt</marc:subfield>
   </marc:datafield>
   <marc:datafield ind1="0" ind2="1" tag="689">
      <marc:subfield code="A">z</marc:subfield>
      <marc:subfield code="a">Geschichte</marc:subfield>
   </marc:datafield>
   <marc:datafield ind1="0" ind2=" " tag="689">
      <marc:subfield code="5">DE-101</marc:subfield>
      <marc:subfield code="5">DE-101</marc:subfield>
   </marc:datafield>
   <marc:datafield ind1="1" ind2="0" tag="689">
      <marc:subfield code="0">(DE-588)4027808-6</marc:subfield>
      <marc:subfield code="0">http://d-nb.info/gnd/4027808-6</marc:subfield>
      <marc:subfield code="0">(DE-101)040278085</marc:subfield>
      <marc:subfield code="D">g</marc:subfield>
      <marc:subfield code="a">Israel</marc:subfield>
   </marc:datafield>
   <marc:datafield ind1="1" ind2="1" tag="689">
      <marc:subfield code="0">(DE-588)4047497-5</marc:subfield>
      <marc:subfield code="0">http://d-nb.info/gnd/4047497-5</marc:subfield>
      <marc:subfield code="0">(DE-101)040474976</marc:subfield>
      <marc:subfield code="D">s</marc:subfield>
      <marc:subfield code="a">Prosa</marc:subfield>
   </marc:datafield>
   <marc:datafield ind1="1" ind2="2" tag="689">
      <marc:subfield code="0">(DE-588)4531044-0</marc:subfield>
      <marc:subfield code="0">http://d-nb.info/gnd/4531044-0</marc:subfield>
      <marc:subfield code="0">(DE-101)955801184</marc:subfield>
      <marc:subfield code="D">s</marc:subfield>
      <marc:subfield code="a">Nahostkonflikt</marc:subfield>
      <marc:subfield code="g">Motiv</marc:subfield>
   </marc:datafield>
   <marc:datafield ind1="1" ind2="3" tag="689">
      <marc:subfield code="0">(DE-588)4044383-8</marc:subfield>
      <marc:subfield code="0">http://d-nb.info/gnd/4044383-8</marc:subfield>
      <marc:subfield code="0">(DE-101)040443833</marc:subfield>
      <marc:subfield code="D">s</marc:subfield>
      <marc:subfield code="a">Palästinenser</marc:subfield>
   </marc:datafield>
   <marc:datafield ind1="1" ind2=" " tag="689">
      <marc:subfield code="5">DE-101</marc:subfield>
      <marc:subfield code="5">DE-101</marc:subfield>
   </marc:datafield>
   <marc:datafield ind1="2" ind2=" " tag="810">
      <marc:subfield code="a">Deutsch-Israelischer Arbeitskreis für Frieden im Nahen Osten</marc:subfield>
      <marc:subfield code="4">aut</marc:subfield>
      <marc:subfield code="t">Schriftenreihe des Deutsch-Israelischen Arbeitskreises für Frieden im Nahen Osten</marc:subfield>
      <marc:subfield code="v">Bd. 34</marc:subfield>
      <marc:subfield code="w">(DE-101)015832295</marc:subfield>
      <marc:subfield code="w">(DE-600)1051388-7</marc:subfield>
      <marc:subfield code="9">234</marc:subfield>
      <marc:subfield code="7">as</marc:subfield>
   </marc:datafield>
   <marc:datafield ind1=" " ind2=" " tag="850">
      <marc:subfield code="a">DE-101a</marc:subfield>
      <marc:subfield code="a">DE-101b</marc:subfield>
   </marc:datafield>
   <marc:datafield ind1="4" ind2="2" tag="856">
      <marc:subfield code="m">V:DE-603</marc:subfield>
      <marc:subfield code="q">application/pdf</marc:subfield>
      <marc:subfield code="u">http://d-nb.info/955013259/04</marc:subfield>
      <marc:subfield code="3">Inhaltsverzeichnis</marc:subfield>
   </marc:datafield>
   <marc:datafield ind1="r" ind2=" " tag="925">
      <marc:subfield code="a">ra</marc:subfield>
   </marc:datafield>
</marc:record>
